Culture Générale - Série 784 - Statistiques

Statistiques générales
  • Ce quiz a été pris 79 fois
  • Le résultat moyen est 7 sur 10
Statistiques - réponses
Question Réponse % Correct
Selon l'expression, quand on a autre chose à faire, on dit qu'on a "d'autres chats à... fouetter
100%
Qu'est-ce qui peut être crânienne chez l'humain, à gants dans une voiture et de nuit pour aller danser ? boîte
99%
Selon l'expression familière, de quelle cuisse se croit sortie une personne orgueilleuse ? La cuisse de ... Jupiter
92%
Complétez l'expression : "À chaque jour suffit sa... peine
90%
Peu avant la fin de la Seconde Guerre mondiale, la conférence de Yalta a réuni 3 grands dirigeants : Staline, Roosevelt et... Churchill
86%
Complétez ce proverbe : "Qui ne dit mot... consent
85%
Dans quelle région française d'Amérique du Sud coule la rivière inini ? Guyane
58%
Quel mot, rimant avec "Woodstock", désigne familièrement un parapluie ? pébroc
49%
Plante d'Asie utilisée en médecine naturelle depuis plus de 4000 ans et à qui l'on prête des vertus aphrodisiaques. ginseng
24%
Qui a écrit “Le Cimetière marin” en 1920 ? Paul Valéry
15%
Aucun quiz correspondant
Distribution des résultats
% des personnes avec chaque résultat
Percentile par nombre de réponses
Votre historique - résultats
Vous n’avez pas pris ce quiz